Printing. Book 13

Salvato in:
Dettagli Bibliografici
Altri autori: Oittinen, Pirkko (Compilatore), Saarelma, Hannu (Compilatore)
Natura: Libro
Lingua:inglese
Pubblicazione: Helsinki : Fapet Oy, 1998
Serie:Papermaking Science and Technology a series of 19 books covering the latest technology and future trends
Tags: Aggiungi Tag
Nessun Tag, puoi essere il primo ad aggiungerne!!

MARC

LEADER 00000nam a22000003a 4500
001 stu53818
005 20150617225700.7
008 000602s1998----fi------------------eng-d
020 |a 952-5216-13-6 
040 |a STU  |b slo 
041 0 |a eng 
044 |a fi 
080 |a 655.3  |7 stu_us_auth*stu4498 
100 1 |a Oittinen, Pirkko  |4 com 
245 1 |a Printing. Book 13 
260 |a Helsinki :  |b Fapet Oy,  |c 1998 
300 |a 295 s. Obr.,tab.,grafy,lit.,index 
700 1 |a Saarelma, Hannu  |4 com 
830 0 |a Papermaking Science and Technology a series of 19 books covering the latest technology and future trends 
996 |b C96320  |c C*96320  |l CCVIIIB  |s P  |a 0  |w stu53818_0001